| 000 | 01282cam a22003857a 4500 | ||
|---|---|---|---|
| 003 | CHAP | ||
| 005 | 20220817043510.0 | ||
| 008 | 981203d1992 mx ab r 00110 spa d | ||
| 010 | _a76782 | ||
| 011 | _a77754 | ||
| 020 | _a9686160957 | ||
| 035 | _a87439 | ||
| 040 | _cCHAP | ||
| 090 | _aFolleto 15221 v.6 | ||
| 100 | 0 | 0 |
_aTrejo Torres, J. Carlos. _9114790 |
| 245 | 1 | 0 |
_aPsilotaceae _c/por J. Carlos Trejo Torres y Romualdo Ciau-Uitz |
| 260 |
_aMérida, Yuc. : _bUniversidad Autónoma de Yucatán, _c1992. |
||
| 300 |
_a16 p. : _bilus. ; mapa |
||
| 410 | 2 | 1 | _aUniversidad Autónoma de Yucatán |
| 490 | 0 |
_aEtnoflora yucatanense _v; 6 |
|
| 590 |
_aBATCH-UPD _b10 _c20130110 _lUCH01 _h0404 |
||
| 590 |
_aBATCH-UPD _b10 _c20130110 _lUCH01 _h2300 |
||
| 590 |
_aBATCH-UPD _b10 _c20130410 _lUCH01 _h0037 |
||
| 590 |
_aBATCH-UPD _b10 _c20130914 _lUCH01 _h1331 |
||
| 590 |
_aCONVERSION _b10 _c20130109 _lUCH01 _h1342 |
||
| 650 | 1 | 4 |
_aEtnobotánica _xYucatán. _938639 |
| 650 | 1 | 4 |
_aPsilotaceae. _992629 |
| 700 | 0 |
_aCiau Uitz, Romualdo. _923023 |
|
| 810 | 2 | 1 | _aUniversidad Autónoma de Yucatán |
| 830 | 0 |
_aEtnoflora yucatanense _v; 6 _938650 |
|
| 901 | _aBK | ||
| 905 | _aGuadalupe Pinto C. | ||
| 942 | _cFOLL | ||
| 949 |
_aFolleto 15221 v.6 _bBC _cFOLL _d874391 _eTS1 _i87439 _kDonaciØn _sb |
||
| 999 |
_c76782 _d76782 |
||